Egy forradalom emlékezete beszélgetés Rainer M. Jánossal, az 1956-os Intézet igazgatójával

Podrobná bibliografia
Hlavní autori: Simon, Attila, 1966- (Autor, Tazateľ), Rainer, János M. 1957- (Autor)
Médium: Článok
Jazyk:maďarčina
ISSN:1335-4361
Predmet:

MARC

LEADER 00000nab a2200000 ar4500
001 vtls008934749
003 SK-MaSNL
005 20260319071320.0
008 070111c2006 xo |||||||b| |000 b|hun
015 |a SNBRB2007/01  |2 snkbucl 
038 |a SNKBUCL 
040 |a DSZK  |b slo  |c DSZK  |e AACR2 
041 0 |a hun 
044 |a xo  |c SK 
080 |a 061.2:94(439)  |x "1956"  |2 1997 
080 |a 94(439)  |x "1956"  |2 1997 
100 1 |a Simon, Attila,  |d 1966-  |4 ivr  |4 aut  |9 103394 
245 1 0 |a Egy forradalom emlékezete  |b beszélgetés Rainer M. Jánossal, az 1956-os Intézet igazgatójával  |c [beszélgetett] Simon Attila 
610 2 7 |a Inštitúcia 1956 (Budapešť, Maďarsko)  |2 snkbucl  |9 1068256 
648 7 |a 20. stor., 50. r.  |2 snkbucl  |9 360404 
648 7 |a 1956  |2 snkbucl  |9 307092 
650 0 7 |a maďarské povstanie (1956)  |2 snkbucl  |9 176544 
651 7 |a Maďarsko  |x dejiny  |2 snkbucl  |9 18630 
700 1 |a Rainer, János M.  |d 1957-  |4 ive  |4 aut  |9 1068257 
773 0 |t Fórum társadalomtudományi szemle  |g Évf. VIII, sz. 3 (2006), o. 161-167  |x 1335-4361 
852 |a SNK  |b KIS3GCP 
852 |a DSZK  |b KIS3GCP 
958 |a HU 
958 |a SK 
999 |c 1756093  |d 1758023